Decentralized multilevel planning: principles and practice (Asian and African experiences) (Record no. 63407)

MARC details
000 -LEADER
fixed length control field 01052nam a2200205 a 4500
008 - FIXED-LENGTH DATA ELEMENTS--GENERAL INFORMATION
fixed length control field 060804s1997 ||||||||||||||||| || u
020 ## - INTERNATIONAL STANDARD BOOK NUMBER
International Standard Book Number 8170225809
050 ## - LIBRARY OF CONGRESS CALL NUMBER
Classification number HD 87.5 Sun
100 ## - MAIN ENTRY--PERSONAL NAME
Personal name Sundaram. K. V
245 10 - TITLE STATEMENT
Title Decentralized multilevel planning: principles and practice (Asian and African experiences)
260 ## - PUBLICATION, DISTRIBUTION, ETC.
Place of publication, distribution, etc. New Delhi:
Name of publisher, distributor, etc. Concept Publising Company
Date of publication, distribution, etc. 1997
300 ## - PHYSICAL DESCRIPTION
Extent 514p. : ill.
350 ## -
-- 0.00
650 ## - SUBJECT ADDED ENTRY--TOPICAL TERM
Topical term or geographic name entry element DECENTRALIZED PLANNING--ASIA
650 ## - SUBJECT ADDED ENTRY--TOPICAL TERM
Topical term or geographic name entry element PLANNING
650 ## - SUBJECT ADDED ENTRY--TOPICAL TERM
Topical term or geographic name entry element DECENTRALIZED PLANNING--AFRICA
995 ## -
-- ANNEX COLLECTION (Main Library)
-- 0.00
-- 732323
-- CBU-MAIN LIBRARY (Kitwe)
-- 1
-- 0.00
-- HD 87.5 Sun
-- 2
-- AVAILABLE
-- Aug 4, 2006
-- 029529
-- Annex Low-Usage Collection
995 ## -
-- MAIN LIBRARY OPEN ACCESS
-- 0.00
-- 732321
-- CBU-MAIN LIBRARY (Kitwe)
-- 1
-- 0.00
-- HD 87.5 Sun
-- 3
-- AVAILABLE
-- Aug 4, 2006
-- 029530
-- Main Library Open Access Collection
995 ## -
-- ANNEX COLLECTION (Main Library)
-- 0.00
-- 732322
-- CBU-MAIN LIBRARY (Kitwe)
-- 1
-- 0.00
-- HD 87.5 SUN
-- 1
-- AVAILABLE
-- May 22, 2006
-- 029528
-- Annex Low-Usage Collection
999 ## -
-- 63407
-- 63407
Holdings
Withdrawn status Lost status Source of classification or shelving scheme Damaged status Not for loan Permanent Location Current Location Shelving location Date acquired Total Checkouts Full call number Barcode Date last seen Price effective from Koha item type
          CBU-MAIN LIBRARY, KITWE. CBU-MAIN LIBRARY, KITWE.   12/24/2022   HD 87.5 Sun 029529 12/24/2022 12/24/2022 MONOGRAPH
          CBU-MAIN LIBRARY, KITWE. CBU-MAIN LIBRARY, KITWE.   12/24/2022   HD 87.5 Sun 029530 12/24/2022 12/24/2022 MONOGRAPH
          CBU-MAIN LIBRARY, KITWE. CBU-MAIN LIBRARY, KITWE.   12/24/2022   HD 87.5 Sun 029528 12/24/2022 12/24/2022 MONOGRAPH